Langues officielles de l'UE - Mort subite - Statistiques

Statistiques générales
  • Ce quiz a été pris 543 fois
  • Le résultat moyen est 9 sur 20
Answers on the Grid
Answers color-coded by a green-red scale on the quiz's grid according to % correct below.
Bulgare
Danois
Latin
Estonien
Tchèque
Breton
Grec
Allemand
Wallon
Anglais
Espagnol
Bosnien
Finnois
Irlandais
Albanais
Croate
Italien
Serbe
Letton
Lituanien
Russe
Hongrois
Maltais
Hollandais
Néerlandais
Polonais
Luxembourgeois
Portugais
Roumain
Belge
 
Statistiques - réponses
Réponse % Correct
Espagnol
75%
Allemand
68%
Italien
66%
Grec
63%
Anglais
61%
Danois
61%
Tchèque
47%
Bulgare
44%
Néerlandais
39%
Portugais
38%
Estonien
37%
Finnois
35%
Polonais
35%
Croate
34%
Letton
30%
Irlandais
29%
Lituanien
28%
Hongrois
23%
Maltais
22%
Roumain
20%
Aucun quiz correspondant
Distribution des résultats
% des personnes avec chaque résultat
Percentile par nombre de réponses
Votre historique - résultats
Vous n’avez pas pris ce quiz